LIBRARY & INFORMATION CENTRE, KCAET, TAVANUR

ONLINE PUBLIC ACCESS CATALOGUE (OPAC)

Sadharana Rogangalum avayude Nivarana margangalum / (Record no. 717)

MARC details
000 -LEADER
fixed length control field 00399cam a2200145ua 4500
041 ## - LANGUAGE CODE
Language code of text/sound track or separate title mal
082 ## - DEWEY DECIMAL CLASSIFICATION NUMBER
Classification number 616
Item number SRI/SA
100 ## - MAIN ENTRY--AUTHOR NAME
Personal name Sri Rama Varma, .
245 ## - TITLE STATEMENT
Title Sadharana Rogangalum avayude Nivarana margangalum /
260 ## - PUBLICATION, DISTRIBUTION, ETC. (IMPRINT)
Place of publication :
Name of publisher Malayala Bhasha Parishkarana committee ,
Year of publication 1966.
300 ## - PHYSICAL DESCRIPTION
Number of Pages 200 ; .
942 ## - ADDED ENTRY ELEMENTS (KOHA)
Koha item type Books
Holdings
Withdrawn status Lost status Damaged status Home library Current library Date acquired Full call number Accession Number Koha item type
      KAUAET KAUAET 07/04/2012 616 9499 Books
free website counter